Лённебергийн Эмиль хүүгийн адал явдал (Бичлэгийн дугаар. 703487)

MARC дэлгэрэнгүй
000 -Удирдлага
Ном зүйн бүртгэл тоо буюу кодлох утгыг агуулсан 00947nam a22002177a 4500
008 - ЕРӨНХИЙ МЭДЭЭЛЭЛ-ЭЛЕМЕНТҮҮДИЙН ӨГӨГДЛИЙН УРТ
fixed length control field 240525b mp ||||| |||| 00| 0 mon d
035 ## - СИСТЕМИЙН ХЯНАЛТЫН ДУГААР
Системийн хяналтын дугаар 3836
040 ## - ЭХ СУРВАЛЖИЙГ ТОДОРХОЙЛОН БИЧИХ
Анхны каталогийн байгууллага Сэлэнгэ аймгийн нийтийн номын сан
Каталогийн хэл Монгол
Бичлэг хийж нэвтрүүлэх байгууллага MN-UlNLM
Өөрчлүүлэх байгууллага MN-UlNLM
Бичиглэлийн тодорхойлолт rda
041 ## - ХЭЛНИЙ КОД
Текстийн хэлний код/фонограм буюу салангид гарчиг Монгол
042 ## - AUTHENTICATION CODE
Authentication code 4706
084 ## - БУСАД АНГИЛЛЫН ДУГААР
Ангиллын нэр
Анги 84,96
Зохиогчийн 3-н тэмдэгт А-833
100 ## - ЗОХИОГЧИЙН ХЭСЭГ
Зохиогчийн нэр Астрид Л.
245 #0 - ҮНДСЭН ГАРЧИГ
Гарчиг Лённебергийн Эмиль хүүгийн адал явдал
264 ## - ГАРАЛТЫН МЭДЭЭ
Хэвлэгдсэн газар Улаанбаатар
Бүтээгч, хэвлэгч, түгээгч, үйлдвэрлэгчийн нэр Улсын хэвлэлийн газар
Хэвлэгдсэн он 1990
300 ## - ТООНЫ МЭДЭЭ
Хуудасны тоо 159
336 ## - АГУУЛГЫН ТӨРӨЛ
Нөөц rdacontent
Агуулгын төрлийн нөхцөл text
Агуулгын төрлийн код txt
337 ## - MEDIA TYPE
Эх сурвалж rdamedia
Файлын төрөл unmediated
Файлын код n
338 ## - CARRIER TYPE
Source rdacarrier
Carrier type term volume
Carrier type code nc
650 ## - Сэдэв
Сэдэв Лённебергийн Эмиль хүүгийн адал явдал Гарчиг: Лённебергийн Эмиль хүүгийн тухай өгүүлэх нь Лённебергийн Эмиль хүүгийн адал явд...
942 ## - ЭЛЕМЕНТИЙН ТӨРӨЛ
Анги Номын сан номзүйн ангилал
Төрөл Ном
Захиалгууд
Буцаан татагдсан төлөв Хасагдсан шалтгаан Гэмтсэн төлөв Данс заагч Захиалах боломжгүй Үндсэн номын сан Одоогийн байршил Салбар танхим Салбар танхим Бүртгэсэн огноо Тавиурын заалт Баркод Үнэ Хамгийн сүүлд байсан огноо Нийт уншлаганд гарсан тоо Дансны дугаар Төрөл
      Монгол номын данс   Сэлэнгэ аймаг Сэлэнгэ аймаг Сэлэнгэ | Үндсэн фонд Сэлэнгэ | Үндсэн фонд 2024-05-26 84,96 А-833 SE0143836-1 14.00 2024-05-26   6371 Ном